00329 a2200097 4500001001000000005001700010008004100027245008300068100002400151773005600175ART_5115920260410161758.0260409a 10aLos tributos municipales indirectos. Inconstitucionalidad. Potestad tributaria1 aSequeira, Marcos A.0 tDoctrina tributariag- N° 487 (oct. 2020)wREV4296